| 000 | 00522nam a2200169 a 4500 | ||
|---|---|---|---|
| 005 | 20240910064317.0 | ||
| 008 | 021014s1966 mx r 000 0 spa d | ||
| 035 | _aUPN01000120142 | ||
| 049 | _aCG | ||
| 050 | 4 |
_aBF3195 _bF7.7 |
|
| 100 | 1 | _aFranseth, Jane. | |
| 245 | 1 | 0 |
_aSurvey of research on grouping asw related to pupil learning / _cJane Franseth and Rose Kourg. |
| 260 |
_aWashigtón, D. C. _bDepartament of halth education and Welfare, _c1966. |
||
| 300 | _a64 p. | ||
| 650 | 4 |
_aAprendizaje _92861 |
|
| 905 | _aLibro | ||
| 999 |
_c92487 _d92487 |
||